000
00238nam a22000857a 4500
999
_c
11743
_d
11743
008
200113b ||||| |||| 00| 0 eng d
100
_a
Seuss,Dr
_9
1474
245
_a
The 500 Hats of Bartholomew Cubbins
260
_a
New York
_b
Vanguard Press
_c
1938